000 00355nam a22001457a 4500
020 _a978-81-265-2992-6
041 _aENG
100 _aRalls .K.M
245 _aIntroduction To Materials Science And Engineering
260 _aDelhi
_bWiley India Pvt.Ltd
_c2011
300 _aI-20
650 _aFS
700 _aCourtney.T.H ,Wulff.J
856 _uFS (36)
999 _c853
_d853